| 000 | 00866cam a2200217 4500 | ||
|---|---|---|---|
| 001 | WB3707-26 | ||
| 008 | 000000n2001 000 0 eng u | ||
| 035 | _a(Sirsi) u110875 | ||
| 245 | _aScheme to boost inner city areas | ||
| 260 | _c2001 | ||
| 490 |
_aFinancial Times _v9 February 2001, 4(1) |
||
| 520 | _aThe Chancellor, Gordon Brown, launched a new initiative that aims to encourage businesses to be developed and started up in inner city areas. The scheme, Inner City 100, is based on successful US experience and aims to change businesses' perception of inner city areas by highlighting the 100 best performing businesses in such areas. | ||
| 590 | _aWB | ||
| 650 | _aURBAN REGENERATION | ||
| 650 | _aBUSINESSES | ||
| 650 | _aGOVERNMENT POLICY | ||
| 650 | _aURBAN INITIATIVES | ||
| 650 | _aINNER CITY 100 | ||
| 690 | _aREGENERATION | ||
| 942 | _n0 | ||
| 999 |
_c66095 _d66095 |
||